Геологические исследования в золотоносных областях Сибири: Ленский золотоносный район; Вып. 8; Александр Александрович Демин. Некролог; Западная окраина Северно-Байкальского нагорья; Маршрутные исследования в Баргузинском округе в 1910 г.; Геологические исследования по рр. Чине, Уссою, Б. и М. Амалату, Ципе и Витиму в 1910 г.
| 言語: | ロシア語 |
|---|---|
| 出版事項: |
СПб., Типография М. М. Стасюлевича, 1912
|
| TOC: | А. К. Мейстер, Александр Александрович Демин. Некролог; П. И. Преображенский, Западная окраина Северно-Байкальского нагорья; В. Котульский, Маршрутные исследования в Баргузинском округе в 1910 г.; А. Демин, Геологические исследования по рр. Чине, Уссою, Б. и М. Амалату, Ципе и Витиму в 1910 г.; |
| 主題: | |
| フォーマット: | MixedMaterials 図書 |
| KOHA link: | https://koha.lib.tpu.ru/cgi-bin/koha/opac-detail.pl?biblionumber=296260 |
MARC
| LEADER | 00000nam0a2200000 4500 | ||
|---|---|---|---|
| 001 | 296260 | ||
| 005 | 20231101002713.0 | ||
| 035 | |a (RuTPU)RU\TPU\book\321357 | ||
| 035 | |a RU\TPU\book\321231 | ||
| 090 | |a 296260 | ||
| 100 | |a 20150529d1912 u y0rusy50 ca | ||
| 101 | 0 | |a rus | |
| 102 | |a RU | ||
| 105 | |a bc z 000|y | ||
| 200 | 1 | |a Геологические исследования в золотоносных областях Сибири |e Ленский золотоносный район |h Вып. 8 | |
| 210 | |a СПб. |c Типография М. М. Стасюлевича |d 1912 | ||
| 215 | |a 83 с. |c ил., карта | ||
| 464 | |t Александр Александрович Демин. Некролог |f А. К. Мейстер | ||
| 464 | |t Западная окраина Северно-Байкальского нагорья |f П. И. Преображенский | ||
| 464 | |t Маршрутные исследования в Баргузинском округе в 1910 г. |f В. Котульский | ||
| 464 | |t Геологические исследования по рр. Чине, Уссою, Б. и М. Амалату, Ципе и Витиму в 1910 г. |f А. Демин | ||
| 610 | 1 | |a геология | |
| 610 | 1 | |a золото | |
| 610 | 1 | |a месторождения | |
| 610 | 1 | |a Сибирь | |
| 610 | 1 | |a исследования | |
| 610 | 1 | |a Ленский район | |
| 675 | |a 553.411(571.6) |v 3 | ||
| 686 | |a Ч611.68 |v LBC/SL-A |2 rubbk | ||
| 801 | 0 | |a RU |b 63413507 |c 20011210 |g PSBO | |
| 801 | 2 | |a RU |b 63413507 |c 20150529 |g PSBO | |
| 942 | |c BK | ||